Madras and Andhra Pradesh. (Record no. 83307)

MARC details
000 -LEADER
fixed length control field 00871cam a22002531 4500
001 - CONTROL NUMBER
control field sa 68010064
003 - CONTROL NUMBER IDENTIFIER
control field DLC
005 - DATE AND TIME OF LATEST TRANSACTION
control field 20260227112549.0
008 - FIXED-LENGTH DATA ELEMENTS--GENERAL INFORMATION
fixed length control field 860319s1966 ii ab f000 0 eng
010 ## - LIBRARY OF CONGRESS CONTROL NUMBER
LC control number sa 68010064
025 ## - OVERSEAS ACQUISITION NUMBER
Overseas acquisition number PL480:I-E-9498
035 ## - SYSTEM CONTROL NUMBER
System control number (OCoLC)13315012
040 ## - CATALOGING SOURCE
Original cataloging agency DLC
Transcribing agency CLU
Modifying agency CLU
-- DLC
042 ## - AUTHENTICATION CODE
Authentication code premarc
050 00 - LIBRARY OF CONGRESS CALL NUMBER
Classification number DS485.M25
Item number A54 1966
082 ## - DEWEY DECIMAL CLASSIFICATION NUMBER
Classification number 915.4/82/044
110 1# - MAIN ENTRY--CORPORATE NAME
Corporate name or jurisdiction name as entry element India.
Subordinate unit Department of Tourism.
245 10 - TITLE STATEMENT
Title Madras and Andhra Pradesh.
260 ## - PUBLICATION, DISTRIBUTION, ETC.
Place of publication, distribution, etc. [Delhi,
Name of publisher, distributor, etc. Publications Division, Ministry of Information and Broadcasting,
Date of publication, distribution, etc. 1966]
300 ## - PHYSICAL DESCRIPTION
Extent 120 p.
Other physical details illus. (part col.) fold. col. map.
Dimensions 19 cm.
500 ## - GENERAL NOTE
General note "Issued on behalf of Dept. of Tourism, Ministry of Transport & Communications, Govt. of India, New Delhi."
651 #0 - SUBJECT ADDED ENTRY--GEOGRAPHIC NAME
Geographic name Tamil Nadu (India)
Form subdivision Guidebooks.
651 #0 - SUBJECT ADDED ENTRY--GEOGRAPHIC NAME
Geographic name Andhra Pradesh (India)
Form subdivision Guidebooks.

No items available.

Powered by Koha